000 00875nam a2200265 i 4500
001 bg
100 1 _aTONNDORF, Hans G.
245 1 0 _aABC handlu detalicznego :
_bporadnik dla sprzedawców i właścicieli sklepów /
_cHans G. Tonndorf ; przeł z niem. Beata Żelezik-Rebmann, Dariusz Kałuża.
250 _aWyd. 2.
260 _aKraków :
_bWydaw. Profesjonalnej Szkoły Biznesu,
_c1997.
300 _a272 s. :
_brys., wykr. ;
_c20 cm.
490 1 _aBiblioteka Menedżera
650 9 _aHandel detaliczny
650 9 _aSklep
_xorganizacja
655 _aPoradniki
830 _aBiblioteka Menedżera
020 _a8385441603
040 _cBPK
041 1 _apl
_hde
080 _a339.3:658.8
920 _a83-85441-60-3
942 _cKS
008 s pl f |000 0 pol
999 _c38888
_d38888
856 _uhttp://koha.tu.koszalin.pl/cgi-bin/koha/opac-detail.pl?biblionumber=38888
_yKatalog online BPK